000 00760nam a2200277Ia 4500
003 OSt
005 20221006142632.0
006 a|||||r|||| 00| 0
007 ta
008 221006b |||||||| |||| 00| 0 eng d
020 _a9004102876
_c3763.00
024 _a6,820
037 _cTextual
040 _aEASL
_cEASL
_beng
041 _2eng
_aeng
082 _aY:1.41.N94, N5;1
100 _aHUANG Chun-Chieh Ed.
_9648047
245 0 _aTime and space in Chinese culture
260 _aNew York
_bJ. Brill USA
_c1995
300 _a400p.
_ccm.
490 _v CEL
650 _aCEL
700 _a ZURCHER Erik Ed.
_9648048
942 _hY:1.41.N94, N5;1
_cTEXL
_2CC
999 _c1074906
_d1074906